Agricultural production in 1994/95 (Record no. 53960)

MARC details
000 -LEADER
fixed length control field 00339nam a2200133Ia 4500
100 ## - MAIN ENTRY--AUTHOR NAME
Personal name Vorasirisunthorn A
245 #0 - TITLE STATEMENT
Title Agricultural production in 1994/95
260 ## - PUBLICATION, DISTRIBUTION, ETC. (IMPRINT)
Name of publisher Bangkok Bank Monthly Review
Year of publication 1995
300 ## - PHYSICAL DESCRIPTION
Number of Pages 14-21
500 ## - GENERAL NOTE
General note Source Year: 1995
856 ## - ELECTRONIC LOCATION AND ACCESS
Uniform Resource Identifier HOA
942 ## - ADDED ENTRY ELEMENTS (KOHA)
Koha item type Journals
Holdings
Withdrawn status Lost status Damaged status Not for loan Home library Current library Shelving location Date acquired Serial Enumeration / chronology Koha item type
      Journals RRII Library RRII Library Agricultural economics 17/12/2021 Volume 36, Issue 2 Journals